| 000 | 01069nam a2200229Ia 4500 | ||
|---|---|---|---|
| 999 |
_c39289 _d39289 |
||
| 001 | 5875 | ||
| 003 | GE_BSU | ||
| 005 | 20190916105046.0 | ||
| 008 | 181216s1981||||ge |||||||||||||| ||geo|| | ||
| 040 | _cGE_BSU | ||
| 041 | _ageo | ||
| 080 | _a821.353.1-4 ა-53 | ||
| 100 |
_aალფენიძე, ლ. _94000 |
||
| 245 |
_aსიყვარული და უკვდავება მწვერვალები და უფსკრულები (წ.2) / _cლ. ალფენიძე ; რედ. ნ. ინასარიძე. |
||
| 264 |
_aთბილისი : _bსაბჭოთა საქართველო ; _c1981. |
||
| 300 |
_a679 გვ. ; _c20 სმ. |
||
| 653 | _aმხატვრულ-დოკუმენტური ქრონიკები 3 წიგნად | ||
| 653 | _aსიყვარული და უკვდავება | ||
| 653 | _aმწვერვალები და უფსკრულები (წ.2) | ||
| 700 |
_aალფენიძე, ლ. _94001 |
||
| 942 |
_cBK _2udc |
||